Médailles aux Jeux Olympiques d'hiver - Statistiques

Statistiques générales
  • Ce quiz a été pris 96 fois
  • Le résultat moyen est 13 sur 15
Statistiques - réponses
Nombre de médailles Pays % Correct
305 États-Unis
100%
124 France
100%
368 Norvège
99%
113 Russie
99%
158 Suède
99%
199 Canada
98%
124 Italie
94%
298 Allemagne
93%
167 Finlande
93%
153 Suisse
93%
232 Autriche
91%
130 Pays-Bas
78%
194 Union Soviétique
78%
70 Corée du Sud
64%
110 Allemagne de l'Est
55%
Aucun quiz correspondant
Distribution des résultats
% des personnes avec chaque résultat
Percentile par nombre de réponses
Votre historique - résultats
Vous n’avez pas pris ce quiz